La vie de St. Vincent de Paul instituteur de la Congrégation de la mission, et de filles de la Charité

Detalles Bibliográficos
Formato: Libro
Lenguaje:Undetermined
French
Publicado: Nancy : chez A. Lesseure, 1748.
Materias:
Colección:Banco de datos
Acervo:Biblioteca Palafoxiana. Colección bibliográfica
Descripción Física:t. ; f°
Tema general:Hagiografía
Notas:Número de localización: t.1 (21683); t.2 (21684)
LEADER 00543nam a2200157Ia 4500
008 150723s9999 xx 000 0 und d
041 0 |a fre 
050 0 |a PAFX BR1710 V5 
245 1 0 |a La vie de St. Vincent de Paul instituteur de la Congrégation de la mission, et de filles de la Charité 
260 |a Nancy : chez A. Lesseure, 1748. 
300 |a t. ; f° 
500 |a Número de localización: t.1 (21683); t.2 (21684) 
650 1 0 |a Hagiografía 
942 |c PALALIB 
943 |g Biblioteca Palafoxiana. Colección bibliográfica 
999 |c 1051202  |d 1051202